Normale Ansicht MARC-Ansicht ISBD

A Cultural History of Objects (Titelsatznr. 60910)

[ MARC ]
MARC-Details
000 -Satzkennung
Kontrollfeld mit fester Länge 01887nad a22003973ic4500
001 - Kontrollnummer
Kontrollfeld EBC7081098
003 - Kontrollnummer Identifier
Kontrollfeld MiAaPQ
005 - Datum und Zeit der letzten Transaktion
Kontrollfeld 20221026165540.0
007 - Feld mit fester Länge zur physischen Beschreibung - Allgemeine Information
Kontrollfeld mit fester Länge cr cnu||||||||
008 - Feld mit fester Länge zur physischen Beschreibung - Allgemeine Angaben
Kontrollfeld mit fester Länge 221021s2022 xx o ||||0 eng d
020 ## - Internationale Standardbuchnummer
Internationale Standardbuchnummer 9781350226654
Nähere Angaben (electronic bk.)
020 ## - Internationale Standardbuchnummer
Gelöschte/ungültige ISBN 9781474298735
040 ## - Katalogisierungsquelle
Original-Katalogisierungsstelle MiAaPQ
Katalogisierungssprache eng
Übertragungsstelle MiAaPQ
245 12 - Titel
Titel A Cultural History of Objects
Zählung des Teils/der Abteilung eines Werkes Volume 3
Titel eines Teils/einer Abteilung eines Werkes In the Renaissance
Verfasserangabe etc. edited by James Symonds
264 #1 - Produktion, Veröffentlichung, Distribution, Herstellung und Urheberrechtsvermerk
Herstellungs-, Veröffentlichungs- Vertriebs-, Erzeugungsort London :
Produzent, Herausgeber, Distributor, Hersteller Bloomsbury Publishing Plc,
Datum der Herstellung, der Veröffentlichung, des Vertriebs oder des Urheberschutzvermerks 2022.
264 #4 - Produktion, Veröffentlichung, Distribution, Herstellung und Urheberrechtsvermerk
Datum der Herstellung, der Veröffentlichung, des Vertriebs oder des Urheberschutzvermerks ©2022.
300 ## - Physische Beschreibung
Umfang 1 online resource (297 pages)
336 ## - Inhaltstyp
Inhaltstypterm Text
Inhaltstypcode txt
Quelle rdacontent
337 ## - Medientyp
Bezeichnung des Medientyps Computermedien
Medientypcode c
Quelle rdamedia
338 ## - Datenträgertyp
Datenträgertypbezeichnung Online Resource
Datenträgertypcode cr
Quelle rdacarrier
490 1# - Gesamttitelangabe
Gesamttitelangabe The cultural histories series
500 ## - Allgemeine Fußnote
Allgemeine Fußnote E-Book-ProQuest / Fernzugriff nach Registrierung möglich
505 0# - Fußnote zu strukturierten Inhaltsangaben
Fußnote zu strukturierten Inhaltsangaben Cover -- Contents -- List of Illustrations -- Series Preface -- Introduction James Symonds -- 1 Objecthood Visa Immonen -- 2 Technology Surekha Davies -- 3 Economic Objects Martha C. Howell -- 4 Everyday Objects Peter Stallybrass -- 5 Art Jill Burke -- 6 Architecture Michael J. Waters -- 7 Bodily Objects Susan Gaylard -- 8 Object Worlds Andrew Morrall -- Notes -- Bibliography -- Notes on Contributors -- Index.
650 #4 - Nebeneintragung unter einem Schlagwort - Sachschlagwort
Sachschlagwort oder geografischer Name als Eintragungselement Renaissance
Koha-Normdatenidentnummer 15710
650 #4 - Nebeneintragung unter einem Schlagwort - Sachschlagwort
Sachschlagwort oder geografischer Name als Eintragungselement Kunsthandwerk
650 #4 - Nebeneintragung unter einem Schlagwort - Sachschlagwort
Sachschlagwort oder geografischer Name als Eintragungselement Alltagsgegenstand
Koha-Normdatenidentnummer 15704
650 #4 - Nebeneintragung unter einem Schlagwort - Sachschlagwort
Sachschlagwort oder geografischer Name als Eintragungselement Sachkultur
Koha-Normdatenidentnummer 1398
655 #4 - Indexierungsterm - Genre/Form
Genre/Form oder fokussierter Term
655 ## - Indexierungsterm - Genre/Form
Genre/Form oder fokussierter Term Fernzugriff
Koha-Normdatenidentnummer 230
700 ## - Nebeneintragung - Personenname
Funktionsbezeichnungscode edt
Personenname Symonds, James.
Funktionsbezeichnung editor
Koha-Normdatenidentnummer 15632
773 08 - Übergeordnete Einheit
Zählung und erste Seite Volume3
Datensatzkontrollnummer 1675693072
776 08 - Andere physische Form
Verweisungsphrase Print version:
Haupteintragung Symonds, James
Titel A Cultural History of Objects in the Renaissance
Ort, Verlag und Erscheinungsjahr London : Bloomsbury Publishing Plc,c2022
Internationale Standardbuchnummer 9781474298735
830 #4 - Nebeneintragung unter dem Gesamttitel - Einheitstitel
Einheitstitel The cultural histories series
Koha-Normdatenidentnummer 6986
856 40 - Elektronische Adresse und Zugriff
URL <a href="https://ebookcentral.proquest.com/lib/maxweberstiftung-ebooks/detail.action?docID=7081098">https://ebookcentral.proquest.com/lib/maxweberstiftung-ebooks/detail.action?docID=7081098</a>
OPAC-Notiz Volltext
942 ## - Zusätzliche Felder (Koha)
Koha-Medientyp E-Books
Klassifikation oder Aufstellungssystematik Andere/Generische Klassifikation
Exemplare
Ausgeschieden Verloren Klassifikation oder Aufstellungssystematik Beschädigt Nicht entleihbar Heimatbibliothek Aufenthaltsbibliothek Aufstellungsort Erwerbungsdatum Inventarnummer Signatur Barcode Letzte Aktivität Preis gültig von Koha-Medientyp
    Andere/Generische Klassifikation     MWN Osteuropa MWN Osteuropa Online-Ressource 21/10/2022 22-e01374 E-22-e01374 62557 21/10/2022 21/10/2022 E-Books